A zöld hintó

Bibliographic Details
Main Author: Krúdy, Gyula, 1878-1933 (Author)
Other Authors: Kopócs, Tibor, 1937- (Illustrator)
Format: Article
Language:Hungarian
Subjects:

MARC

LEADER 00000nab a2200000 a 4500
001 vtls000589155
003 SK-MaSNL
005 20260303011255.0
008 160202c1996 xo 0 hun
015 |a SNBRB19rr/mm-uuuuu 
035 |a CL0589294 
040 |a SNKBUCL  |b slo  |c SNKBUCL  |e AACR2 
041 0 |a hun 
044 |a xo  |c SK 
080 |a 894.511-3=945.11  |2 1981 
100 1 |a Krúdy, Gyula,  |d 1878-1933  |4 aut  |9 87313 
245 1 0 |a A zöld hintó  |c Gyula Krúdy ; Illusztr. Tibor Kopócs 
650 0 7 |a povesti historické  |2 snkbucl  |9 610836 
655 7 |a články z novín a časopisov  |2 snkbucl  |9 267496 
655 7 |a články z odboru literárna veda a krásna literatúra  |2 snkbucl  |9 770045 
700 1 |a Kopócs, Tibor,  |d 1937-  |4 ill  |9 105991 
773 0 |t Tücsök  |g Roč. 6, č. 10 (1995/1996), s. 15 
850 |a Slovenská národná knižnica v Martine  |a DSG001 
852 |a SNK  |b KIS3GCP 
958 |a RK 
958 |a HU 
958 |a LX 
992 |a RBX 
999 |c 1591349  |d 1593279